La mesa de la palabra: guía para las lecturas bíblicas y liturgia. Tiempo ordinario Trinidad a Domingo 34 mayo-noviembre Año A
I tiakina i:
| Kaituhi matua: | |
|---|---|
| Hōputu: | Pukapuka |
| Reo: | Pāniora |
| I whakaputaina: |
Santiago
Ediciones Mundo
1996
|
| Putanga: | 1a. ed |
| Ngā marau: | |
| Ngā Tūtohu: |
Tāpirihia he Tūtohu
Kāore He Tūtohu, Me noho koe te mea tuatahi ki te tūtohu i tēnei pūkete!
|
MARC
| LEADER | 00000cam a2200000 a 4500 | ||
|---|---|---|---|
| 001 | UCC6324 | ||
| 003 | CL-VaPUC | ||
| 008 | 181130e19960000cl |||||||||||||||||spa|d | ||
| 020 | |a 9567396124 | ||
| 082 | 0 | 4 | |a 220.6 |b POU |2 21 |
| 100 | 0 | |a Pouilly, Alfredo |e author |9 600739 | |
| 245 | 1 | 3 | |a La mesa de la palabra: guía para las lecturas bíblicas y liturgia. Tiempo ordinario Trinidad a Domingo 34 mayo-noviembre Año A |
| 250 | |a 1a. ed | ||
| 300 | |a 208 p | ||
| 942 | |c BK | ||
| 945 | |d 20181130 13:53:00 |a dcastane | ||
| 260 | |a Santiago |b Ediciones Mundo |c 1996 | ||
| 650 | 0 | |a Biblia |9 257603 | |
| 650 | 7 | |a LITURGIA |2 CL-VaPUC |9 600740 | |
| 583 | |a last modification |c 20181130 13:53:00 |k Rodrigo Vera | ||
| 999 | |c 373273 |d 373271 | ||
| 952 | |0 0 |1 0 |3 erb |4 0 |6 220_600000000000000_POU_1996 |7 0 |8 A |9 491342 |a BIBTEO |b BIBTEO |e Precht Pizarro, Jorge Enrique |i 5519691 |o 220.6 POU 1996 |p 5519691 |r 2025-01-17 |w 2019-11-24 |y BK |z Catalogado en:20181130 |k ICR | ||